Historia de la ética : la ética moderna /

Guardado en:
Bibliografiske detaljer
Hovedforfatter: Camps, Victoria (edición)
Format: Bog
Sprog:spansk
Udgivet: Barcelona, España : Crítica, 1992, c1992
Tags: Tilføj Tag
Ingen Tags, Vær først til at tagge denne postø!

MARC

LEADER 00000nam^a2200000^a^4500
001 000566798
005 20250521000000.0
009 20260310132114.151
020 |a 84-7423-536-7 
037 |a Acervo ITESO - Biblioteca 
041 |a ESP 
091 |a FGM. 02997 
100 |a Camps, Victoria  |e (edición) 
245 1 0 |a Historia de la ética :  |b la ética moderna / 
264 4 |a Barcelona, España :  |b Crítica,  |c 1992, c1992 
300 |a XV, 616 p. 
336 |a texto  |b txt  |2 rdacontenido 
337 |a sin mediación  |b n  |2 rdamedio 
338 |a volumen  |b nc  |2 rdasoporte 
649 |a XX 
910 |a Fondo Efraín González Morfín 
920 |a Impresos - Libros 
930 |a Fondos Especiales 
905 |a 130 
901 |a 0500394222  |b IT2  |c ESL  |i D89286  |u 20250521 
902 |a https://opac.biblio.iteso.mx/vufind/Record/000566798